[Event "CZE-chT2E 1213"]
[Site "Czech Republic"]
[Date "2013.03.03"]
[Round "10.1"]
[White "Gasa, Andrej"]
[Black "Uricar, Jakub"]
[Result "1/2-1/2"]
[WhiteElo "2282"]
[BlackElo "2163"]
[PlyCount "127"]
[EventDate "2012.10.14"]
[EventType "team-tourn"]
[EventRounds "11"]
[EventCountry "CZE"]
[SourceTitle "EXT 2016"]
[Source "ChessBase"]
[SourceDate "2015.10.08"]
[SourceVersion "1"]
[SourceVersionDate "2015.10.08"]
[SourceQuality "1"]
[WhiteTeam "Prusanky Podluzan"]
[BlackTeam "Veseli nad Moravou"]
[WhiteTeamCountry "CZE"]
[BlackTeamCountry "CZE"]

1. e4 c5 2. Nf3 Nc6 3. d4 cxd4 4. Nxd4 g6 5. Nc3 Bg7 6. Be3 Nf6 7. Bc4 Qa5 8. 0-0 0-0 9. Bb3 d6 10. h3 Bd7 11. Qd2 Nxd4 12. Qxd4 Ng4 13. Qd2 Nxe3 14. Qxe3 Bxc3 15. bxc3 Rac8 16. Rfd1 Rxc3 17. Rd5 Rxe3 18. Rxa5 Rxe4 19. Rxa7 Bc6 20. a4 Re5 21. f3 Kg7 22. a5 Kf6 23. a6 bxa6 24. R1xa6 Rc8 25. Ra1 g5 26. Rd1 h5 27. Rd4 Ra8 28. Rxa8 Bxa8 29. h4 Kg6 30. hxg5 Rxg5 31. Kf2 Bc6 32. Rf4 e6 33. Rd4 d5 34. Rb4 Kf6 35. Rb6 Bd7 36. Rb7 Bc8 37. Rb8 Ba6 38. Rb6 Bc8 39. Rb8 Bd7 40. Rb7 Be8 41. Rb8 Ke7 42. Rb7+ Kd6 43. Rb8 Bc6 44. c3 f6 45. Rh8 Rg7 46. c4 Rb7 47. cxd5 exd5 48. Bd1 Rb1 49. Be2 Rb2 50. Kf1 Kc5 51. Rxh5 Kd4 52. Rh7 Ba4 53. Re7 Bc2 54. g4 Bd3 55. f4 Bxe2+ 56. Rxe2 Rb6 57. g5 fxg5 58. fxg5 Rg6 59. Rg2 Ke3 60. Ke1 d4 61. Rg3+ Kf4 62. Rg1 Ke3 63. Rg3+ Kf4 64. Rg1 1/2-1/2

[Event "CZE-chT1E 1213"]
[Site "Czech Republic"]
[Date "2013.02.10"]
[Round "7.4"]
[White "Uricar, Jakub"]
[Black "Kubos, Rostislav"]
[Result "1-0"]
[WhiteElo "2163"]
[BlackElo "2215"]
[PlyCount "71"]
[EventDate "2012.10.21"]
[EventType "team-tourn"]
[EventRounds "11"]
[EventCountry "CZE"]
[SourceTitle "EXT 2014"]
[Source "ChessBase"]
[SourceDate "2013.11.20"]
[SourceVersion "1"]
[SourceVersionDate "2013.11.20"]
[SourceQuality "1"]
[WhiteTeam "Stare Mesto"]
[BlackTeam "Orlova Slavia"]
[WhiteTeamCountry "CZE"]
[BlackTeamCountry "CZE"]

1. e4 c5 2. Nc3 Nc6 3. g3 g6 4. Bg2 Bg7 5. d3 d6 6. Be3 Rb8 7. a4 Nd4 8. h3 Qa5 9. Bd2 Qd8 10. Nge2 Bd7 11. 0-0 e6 12. Nxd4 cxd4 13. Ne2 Ne7 14. f4 Qb6 15. Qc1 Rc8 16. Kh2 Nc6 17. a5 Qa6 18. Ra3 f5 19. Qb1 b6 20. axb6 Qxb6 21. Qa2 0-0 22. exf5 gxf5 23. Ra6 Qb5 24. Qc4 Qxc4 25. dxc4 Nb8 26. Rxd6 Rxc4 27. c3 dxc3 28. Bxc3 Bxc3 29. Nxc3 Kf7 30. Ra1 Ke7 31. Rd2 a6 32. Ra5 Rb4 33. Re5 Kf7 34. Rc5 Rc8 35. Rxd7+ Nxd7 36. Rxc8 1-0

[Event "CZE-chT1E 1213"]
[Site "Czech Republic"]
[Date "2013.01.27"]
[Round "6.4"]
[White "Seidl, Stepan"]
[Black "Uricar, Jakub"]
[Result "1/2-1/2"]
[WhiteElo "2185"]
[BlackElo "2163"]
[PlyCount "45"]
[EventDate "2012.10.21"]
[EventType "team-tourn"]
[EventRounds "11"]
[EventCountry "CZE"]
[SourceTitle "EXT 2014"]
[Source "ChessBase"]
[SourceDate "2013.11.20"]
[SourceVersion "1"]
[SourceVersionDate "2013.11.20"]
[SourceQuality "1"]
[WhiteTeam "Jihlava"]
[BlackTeam "Stare Mesto"]
[WhiteTeamCountry "CZE"]
[BlackTeamCountry "CZE"]

1. e4 c5 2. Nf3 Nc6 3. Bb5 g6 4. 0-0 Bg7 5. Re1 Nd4 6. Bc4 e6 7. c3 Nxf3+ 8. Qxf3 d6 9. d3 h6 10. Be3 a6 11. a4 Bd7 12. a5 Ne7 13. d4 cxd4 14. Bxd4 Bxd4 15. cxd4 Nc6 16. Qc3 Rc8 17. Nd2 0-0 18. d5 Ne5 19. f4 Nxc4 20. Nxc4 Bb5 21. b3 exd5 22. exd5 Qc7 23. f5 1/2-1/2